Psycholinguistics papers

Uloženo v:
Podrobná bibliografie
Hlavní autoři: Lyons, J (Autor), Wales, R. J (Autor)
Médium: Kniha
Jazyk:španělština
Vydáno: Edimburgo Edinburg University Press 1966
Témata:
Tagy: Přidat tag
Žádné tagy, Buďte první, kdo vytvoří štítek k tomuto záznamu!

MARC

LEADER 00000nam a2200000 a 4500
001 UCQ2438
003 CL-VaPUC
005 20210402001541.0
008 980724e19660000uk 1 spa d
082 0 4 |a 401.906  |b LYO  |2 21 
100 1 |a Lyons, J  |e author  |9 619073 
700 1 |a Wales, R. J  |e author  |9 619074 
245 1 0 |a Psycholinguistics papers 
260 |a Edimburgo  |b Edinburg University Press  |c 1966 
300 |a 243 p 
583 |a last modification  |c 20150504 05:26:06  |k Rodrigo Vera 
650 0 0 |a Psicolingüística   |9 283371 
650 0 7 |a COMPORTAMIENTO LINGUISTICO  |2 CL-VaPUC  |9 336280 
650 0 0 |a Desarrollo del lenguaje   |9 311270 
650 0 7 |a PSICOLOGIA DE LA COMUNICACION  |2 CL-VaPUC  |9 332059 
650 0 7 |a CONFERENCIAS  |2 CL-VaPUC  |9 619075 
942 |c BK 
945 |a crobeson  |d 19980724 00:00:00 
546 |a En Español 
536 |a Edinburgh University 
518 |p Edinburgo, 18 al 19 de marzo, 1966 
999 |c 383237  |d 383235 
952 |0 0  |1 0  |4 0  |6 401_906000000000000_LYO_1966  |7 0  |8 A  |9 505298  |a BIBEDU  |b BIBEDU  |d 2020-01-23  |i 1445561  |o 401.906 LYO 1966  |p 1445561  |r 2020-01-23  |w 2020-01-23  |y BK  |k LIT